Gut the inside story of our body's most under-rated organ / (Record no. 100103)

MARC details
000 -LEADER
fixed length control field 00669nam a22002057a 4500
005 - DATE AND TIME OF LATEST TRANSACTION
control field 20160621114041.0
010 ## - LCCN (DPL NO)
LC control number ENG-115171
020 ## - INTERNATIONAL STANDARD BOOK NUMBER
International Standard Book Number 9789385288616
Terms of availability 350.00
035 ## - SYSTEM CONTROL NUMBER
System control number EN-98703
037 ## - SOURCE OF ACQUISITION
Source of stock number/acquisition DBAD/PUB
082 ## - DEWEY DECIMAL CLASSIFICATION NUMBER
Classification number 612.3
100 ## - MAIN ENTRY--PERSONAL NAME
Personal name Enders,Giulia
245 ## - TITLE STATEMENT
Title Gut the inside story of our body's most under-rated organ /
Statement of responsibility, etc by Giulia Enders ; translated by David Shaw
260 ## - PUBLICATION, DISTRIBUTION, ETC. (IMPRINT)
Place of publication, distribution, etc New Delhi
Name of publisher, distributor, etc Speaking Tiger
Date of publication, distribution, etc 2015
270 ## - ADDRESS
Address 4381/4,Ansari Road, Daryaganj,
City New Delhi
Postal code 110002
300 ## - PHYSICAL DESCRIPTION
Extent 263p. :
Dimensions 21cm(pbk)
Other physical details ill.
500 ## - GENERAL NOTE
General note Includes bibliographical references
700 ## - ADDED ENTRY--PERSONAL NAME
Personal name Shaw, David
942 ## - ADDED ENTRY ELEMENTS (KOHA)
Source of classification or shelving scheme Dewey Decimal Classification
Item type English Books
Classification part 612.3
Call number suffix END
Holdings
Withdrawn status Lost status Not for loan Collection code Home library Current library Date acquired Source of acquisition Cost, normal purchase price Full call number Barcode Copy number Cost, replacement price Koha item type
    Not For Loan Non-fiction D.B.Act.Division Bawana 27/05/2016 DBAD/PUB 350.00 612.3 END EN-98703 1 350.00 English Books

© Delhi Public Library
Hit Counter
free hit counter